Principios de administración de personal / Edwin B. Flippo (Registro nro. 486)

Detalles MARC
000 -LEADER
fixed length control field 00490nam a22001931a 4500
001 - CONTROL NUMBER
control field 486
003 - CONTROL NUMBER IDENTIFIER
control field OSt
005 - DATE AND TIME OF LATEST TRANSACTION
control field 20260204211654.0
008 - FIXED-LENGTH DATA ELEMENTS--GENERAL INFORMATION
fixed length control field 031127s1986||||mx ||||||b||||||||||spa||
020 ## - NUMERO DE LIBRO INTERNACIONAL NORMALIZADO
International Standard Book Number 007021316x
050 ## - LIBRARY OF CONGRESS CALL NUMBER
Classification number 658.3 F626p
082 ## - DEWEY DECIMAL CLASSIFICATION NUMBER
Classification number 658.3 F626p
100 ## - ASIENTO PRINCIPAL -- NOMBRE PERSONAL
Personal name Flippo, Edwin B.
245 ## - TÍTULO PROPIAMENTE DICHO: SUBTÍTULO
Title Principios de administración de personal / Edwin B. Flippo
264 ## - PRODUCTION, PUBLICATION, DISTRIBUTION, MANUFACTURE, AND COPYRIGHT NOTICE
Place of production, publication, distribution, manufacture México : McGraw-Hill
300 ## - PHYSICAL DESCRIPTION
Extensión 500 p.
650 ## - ASIENTO SECUNDARIO DE MATERIA -- TERMINO TEMÁTICO
Termino Temático Como Elemento de Entrada 1.Administración de PersonalÌ
942 ## - ADDED ENTRY ELEMENTS (KOHA)
Source of classification or shelving scheme Dewey Decimal Classification
Koha item type Libros
Existencias
Withdrawn status Lost status Source of classification or shelving scheme Damaged status Not for loan Current library Date acquired Total Checkouts Full call number Barcode Date last seen Price effective from Koha item type
    Dewey Decimal Classification     Biblioteca UTECO 09/09/2019   658.3 F626P 003089 09/09/2019 09/09/2019 Libros
© 2021 Derechos Reservados UTECO - Teléfono: +1 809-585-2291 - Correo electrónico: biblioteca@uteco.edu.do​  
Código postal 43000 ​​
Dirección: Avenida Universitaria No. 100, 
Cotuí, Provincia Sánchez Ramírez, República Dominicana - RNC: 404-00059-6